Statistics for Louisiana Parishes

Click here to take the quiz!

General Stats

  • This quiz has been taken 10 times
  • The average score is 27 of 64

Answer Stats

Parish SeatParish% Correct
Shreveport, LACaddo Parish
75%
Ruston, LALincoln Parish
75%
Minden, LAWebster Parish
75%
Oberlin, LAAllen Parish
50%
Donaldsonville, LAAscension Parish
50%
Napoleonville, LAAssumption Parish
50%
Marksville, LAAvoyelles Parish
50%
DeRidder, LABeauregard Parish
50%
Arcadia, LABienville Parish
50%
Benton, LABossier Parish
50%
Lake Charles, LACalcasieu Parish
50%
Cameron, LACameron Parish
50%
Mansfield, LADeSoto Parish
50%
Baton Rouge, LAEast Baton Rouge Parish
50%
Plaquemine, LAIberville Parish
50%
Jennings, LAJefferson Davis Parish
50%
Gretna, LAJefferson Parish
50%
Lafayette, LALafayette Parish
50%
Thibodaux, LALafourche Parish
50%
Natchitoches, LANatchitoches Parish
50%
New Orleans, LAOrleans Parish
50%
Monroe, LAOuachita Parish
50%
Pointe à la Hache, LAPlaquemines Parish
50%
Alexandria, LARapides Parish
50%
Coushatta, LARed River Parish
50%
Rayville, LARichland Parish
50%
Many, LASabine Parish
50%
Chalmette, LASt. Bernard Parish
50%
Edgard, LASt. John the Baptist Parish
50%
Opelousas, LASt. Landry Parish
50%
St. Martinville, LASt. Martin Parish
50%
Franklin, LASt. Mary Parish
50%
Amite City, LATangipahoa Parish
50%
St. Joseph, LATensas Parish
50%
Houma, LATerrebonne Parish
50%
Abbeville, LAVermilion Parish
50%
Leesville, LAVernon Parish
50%
Franklinton, LAWashington Parish
50%
Port Allen, LAWest Baton Rouge Parish
50%
Winnfield, LAWinn Parish
50%
Crowley, LAAcadia Parish
25%
Columbia, LACaldwell Parish
25%
Harrisonburg, LACatahoula Parish
25%
Homer, LAClaiborne Parish
25%
Vidalia, LAConcordia Parish
25%
Lake Providence, LAEast Carroll Parish
25%
Clinton, LAEast Feliciana Parish
25%
Ville Platte, LAEvangeline Parish
25%
Colfax, LAGrant Parish
25%
New Iberia, LAIberia Parish
25%
Jonesboro, LAJackson Parish
25%
Jena, LALaSalle Parish
25%
Livingston, LALivingston Parish
25%
Tallulah, LAMadison Parish
25%
Bastrop, LAMorehouse Parish
25%
New Roads, LAPointe Coupee Parish
25%
Hahnville, LASt.Charles Parish
25%
Greensburg, LASt. Helena Parish
25%
Convent, LASt. James Parish
25%
Covington, LASt. Tammany Parish
25%
Farmerville, LAUnion Parish
25%
Oak Grove, LAWest Carroll Parish
25%
St. Francisville, LAWest Feliciana Parish
25%
Winnsboro, LAFranklin Parish
0%

Score Distribution

Percentile by Number Answered

Percent of People with Each Score

Your Score History

You have not taken this quiz